| 000 | 00974nam a2200205Ia 4500 | ||
|---|---|---|---|
| 999 |
_c50856 _d50856 |
||
| 001 | 17811 | ||
| 003 | GE_BSU | ||
| 005 | 20200224153944.0 | ||
| 008 | 181216s1971en xx |||||||||||||| ||eng|| | ||
| 040 | _cGE_BSU | ||
| 041 | _aeng | ||
| 080 | _a353.03(73) P-97 | ||
| 245 |
_aPublic papers of the presidents of the United States Richard Nixon. 1969 _bContaining the Public Message, Speeches, and Statements of the President. 1969 |
||
| 264 |
_aWashington : _bUnited States government printing office, _c1969. |
||
| 300 |
_a1183 p. : _b ill ; _c26 cm. |
||
| 653 | _aPublic papers of the presidents of the United States Richard Nixon | ||
| 653 | _aშეერთებული შტატების პრეზიდენტების რიჩარდ ნიქსონის საჯარო ფურცლები | ||
| 653 | _aსახელმწიფო ადმინისტრაციული მმართველობა | ||
| 942 |
_cBK _2udc |
||